| 000 | 00353nam a22001457a 4500 | ||
|---|---|---|---|
| 003 | MACL | ||
| 005 | 20190702160400.0 | ||
| 008 | 190702b xxu||||| |||| 00| 0 eng d | ||
| 040 | _cMACL | ||
| 100 |
_aKumari,K. _975726 |
||
| 245 | _aHindusm And Indian Culture | ||
| 260 |
_aDelhi _bShikha Prakashan _c2017 |
||
| 650 |
_aReligion _975727 |
||
| 942 |
_2ddc _cBK |
||
| 999 |
_c60387 _d60387 |
||